000 00421nam a2200169 4500
003 SEACOMMC
005 20240422130454.0
008 240422b |||||||| |||| 00| 0 eng d
020 _c250.00
040 _aSEACOMMC
082 _a658.4032085
_bK96
100 _aKumar,Mukesh
245 1 _aBusiness Information System
_cMukesh Kumar
260 _aNew Delhi
_bVikas Publication
_c1998
650 _aManagement
942 _cBOOK
999 _c533
_d533